Statistiques concernant Marques de smartphones en 1 minute

Cliquez ici pour prendre le quiz!

Statistiques générales

  • Ce quiz a été pris 176 fois
  • Le résultat moyen est 7 sur 42

Statistiques - réponses

Réponse% Correct
Samsung
99%
Apple
95%
Huawei
69%
Xiaomi
63%
Nokia
59%
Wiko
37%
Sony
35%
Google
34%
Blackberry
31%
Oppo
31%
LG
29%
Motorola
27%
One Plus
15%
Honor
14%
Microsoft
12%
Lenovo
7%
Realme
6%
Poco
5%
Panasonic
4%
Vivo
4%
Infinix
1%
Nothing
1%
Sharp
1%
TCL
1%
Cubot
0%
Doogee
0%
Gigaset
0%
iOcean
0%
Jiake
0%
Jiayu
0%
Kenxinda
0%
Micromax
0%
Oukitel
0%
Pepsi
0%
Prestigio
0%
Qiku
0%
Smartisan
0%
TP link
0%
Umidigi
0%
VKworld
0%
Woxter
0%
Xolo
0%

Distribution des résultats

Percentile par nombre de réponses

% des personnes avec chaque résultat

Votre développement - résultats

Vous n’avez pas pris ce quiz